|
|
|
|
| LEADER |
00000cam a2200000 a 4500 |
| 001 |
vtls008322934 |
| 003 |
SK-MaSNL |
| 005 |
20260302074318.0 |
| 008 |
181127s1957 xo frp 000 0 slo |
| 015 |
|
|
|a SNBA1957/09-01234
|
| 020 |
|
|
|q (brožované)
|
| 035 |
|
|
|a SK01SNK19570015151
|
| 035 |
|
|
|a SKM000017614
|
| 040 |
|
|
|a SNK
|b slo
|c SNK
|e AACR2
|
| 041 |
0 |
|
|a slo
|
| 044 |
|
|
|a xo
|c SK
|
| 072 |
|
7 |
|a 34
|x Právo
|2 konspekt
|
| 072 |
|
7 |
|a 37.016
|x Učebné osnovy. Vyučovacie predmety. Učebnice
|2 konspekt
|
| 080 |
|
|
|a 347(37)(075.8)
|2 1981
|
| 080 |
|
|
|a 347
|2 2011
|
| 080 |
|
|
|a 340.15
|2 2011
|
| 080 |
|
|
|a (075.8)
|2 2011
|
| 100 |
1 |
|
|a Vietor, Martin,
|d 1906-1978
|4 aut
|9 209791
|
| 245 |
1 |
0 |
|a Základy rímskeho súkromného práva
|c Martin Vietor, Gerta Železkovová
|
| 250 |
|
|
|a 1. vydanie
|
| 260 |
|
|
|a Bratislava
|b Slovenské pedagogické nakladateľstvo
|b Univerzita Komenského
|c 1957
|e Bratislava
|f Technografia
|
| 300 |
|
|
|a 191 strán
|c 29 cm
|
| 366 |
|
|
|e 555 výtl.
|
| 490 |
1 |
|
|a Vysokoškolské učebné texty
|
| 650 |
0 |
7 |
|a súkromné právo
|2 SNKPH
|9 2244
|
| 650 |
0 |
7 |
|a rímske právo
|2 SNKPH
|9 983
|
| 650 |
0 |
7 |
|a Privat law
|2 SNKPHeng
|9 336131
|
| 650 |
0 |
7 |
|a Roman law
|2 SNKPHeng
|9 319118
|
| 655 |
|
7 |
|a učebnice vysokých škôl
|2 SNKPH
|9 70191
|
| 655 |
|
7 |
|a Textbooks (higher)
|2 SNKPHeng
|9 276436
|
| 700 |
1 |
|
|a Železkovová, Gertrúda
|4 aut
|9 6837
|
| 810 |
2 |
|
|a Univerzika Komenského v Bratislave.
|b Právnická fakulta
|t Vysokoškolské učebné texty
|9 739799
|
| 852 |
|
|
|a Slovenská národná knižnica
|
| 954 |
|
|
|a odborná, vedecká literatúra pôvodná (slovenská)
|2 lita
|
| 958 |
|
|
|a OND
|
| 958 |
|
|
|a TL
|
| 958 |
|
|
|a RK
|
| 958 |
|
|
|a UV
|
| 999 |
|
|
|c 1164541
|d 1166471
|
| 952 |
|
|
|a SNK
|b SNK
|y NEVYP
|7 1
|p 17A0644407
|o snkSB 4373
|i snkKSP 2617/54
|0 0
|1 0
|4 0
|d 2023-06-20
|l 0
|r 2025-02-19 00:00:00
|w 2026-02-24
|
| 952 |
|
|
|a SNK
|b SNK
|y VYP
|7 0
|p 17A0747325
|o snkSB 4373 D1
|i snkKSP 2618/57
|0 0
|1 0
|4 0
|d 2011-11-09
|l 0
|r 2026-02-24 20:44:56
|w 2026-02-24
|